<?xml version="1.0" encoding="UTF-8"?>
<record
    xmlns:xsi="http://www.w3.org/2001/XMLSchema-instance"
    xsi:schemaLocation="http://www.loc.gov/MARC21/slim http://www.loc.gov/standards/marcxml/schema/MARC21slim.xsd"
    xmlns="http://www.loc.gov/MARC21/slim">

  <leader>01185nam a22002057a 4500</leader>
  <controlfield tag="003">DO-SdBNP</controlfield>
  <controlfield tag="005">20240307073950.0</controlfield>
  <controlfield tag="007">ta</controlfield>
  <controlfield tag="008">220126b2019       ||||| |||| 00| 0 spa d</controlfield>
  <datafield tag="040" ind1=" " ind2=" ">
    <subfield code="a">DO-SdBNP</subfield>
    <subfield code="b">spa</subfield>
    <subfield code="c">BNPHU</subfield>
  </datafield>
  <datafield tag="082" ind1=" " ind2="4">
    <subfield code="a">342.729307</subfield>
    <subfield code="b">R426L 2019</subfield>
    <subfield code="2">22</subfield>
  </datafield>
  <datafield tag="110" ind1="1" ind2=" ">
    <subfield code="a">Rep&#xFA;blica Dominicana.</subfield>
    <subfield code="b"> Junta Central Electoral</subfield>
    <subfield code="9">64605</subfield>
  </datafield>
  <datafield tag="245" ind1=" " ind2=" ">
    <subfield code="a">Ley 15-19 ley org&#xE1;nica de r&#xE9;gimen electoral y legislaci&#xF3;n complementaria </subfield>
  </datafield>
  <datafield tag="260" ind1=" " ind2=" ">
    <subfield code="a">Moca :</subfield>
    <subfield code="b">Dalis,</subfield>
    <subfield code="c">2019</subfield>
  </datafield>
  <datafield tag="300" ind1=" " ind2=" ">
    <subfield code="a">182 p. ;</subfield>
    <subfield code="c">22 cm</subfield>
  </datafield>
  <datafield tag="505" ind1=" " ind2=" ">
    <subfield code="a">Ley 33-18 ley de partidos. agrupaciones y movimientos pol&#xED;ticos</subfield>
    <subfield code="g">Ley 157-13, que establece el voto preferencial para la elecci&#xF3;n de Diputados y diputadas al Congreso Nacional, Regidores y Regidoras de los Municipios y vocales de los Distritos Municipales</subfield>
    <subfield code="g">Ley 30-06 que proh&#xED;be la utilizaci&#xF3;n por parte de agrupaciones o partidos pol&#xED;ticos de lemas o dibujos contentivos del s&#xED;mbolo, colores emblema o bandera, distinguen a una agrupaci&#xF3;n pol&#xED;tica, sin la autorizaci&#xF3;n legal del grupo o partido pol&#xED;tico indicado con dichos simbolos, colores o emblemas.</subfield>
  </datafield>
  <datafield tag="590" ind1=" " ind2=" ">
    <subfield code="a">Inventariado, 2022 / DG</subfield>
  </datafield>
  <datafield tag="910" ind1=" " ind2=" ">
    <subfield code="a">DG/Validado. Control de calidad MFF</subfield>
  </datafield>
  <datafield tag="942" ind1=" " ind2=" ">
    <subfield code="2">ddc</subfield>
    <subfield code="c">LBS1</subfield>
  </datafield>
  <datafield tag="952" ind1=" " ind2=" ">
    <subfield code="0">0</subfield>
    <subfield code="1">0</subfield>
    <subfield code="2">ddc</subfield>
    <subfield code="5">1</subfield>
    <subfield code="7">0</subfield>
    <subfield code="8">MO</subfield>
    <subfield code="a">BNPHU</subfield>
    <subfield code="b">PD</subfield>
    <subfield code="c">HD</subfield>
    <subfield code="d">2023-03-16</subfield>
    <subfield code="o">BNPHU PD 342.729307 R426L 2019</subfield>
    <subfield code="p">2022-0230</subfield>
    <subfield code="r">2022-01-26</subfield>
    <subfield code="w">2022-01-26</subfield>
    <subfield code="y">LBS1</subfield>
  </datafield>
  <datafield tag="952" ind1=" " ind2=" ">
    <subfield code="0">0</subfield>
    <subfield code="1">0</subfield>
    <subfield code="2">ddc</subfield>
    <subfield code="5">1</subfield>
    <subfield code="7">0</subfield>
    <subfield code="8">MO</subfield>
    <subfield code="a">BNPHU</subfield>
    <subfield code="b">PD</subfield>
    <subfield code="c">HD</subfield>
    <subfield code="d">2023-03-16</subfield>
    <subfield code="o">BNPHU PD 342.729307 R426L  2019</subfield>
    <subfield code="p">2022-0231</subfield>
    <subfield code="r">2022-01-26</subfield>
    <subfield code="t">e.2</subfield>
    <subfield code="w">2022-01-26</subfield>
    <subfield code="y">LBS1</subfield>
  </datafield>
  <datafield tag="952" ind1=" " ind2=" ">
    <subfield code="0">0</subfield>
    <subfield code="1">0</subfield>
    <subfield code="2">ddc</subfield>
    <subfield code="5">6</subfield>
    <subfield code="7">0</subfield>
    <subfield code="8">DS</subfield>
    <subfield code="a">BNPHU</subfield>
    <subfield code="b">BNPHU</subfield>
    <subfield code="c">HD</subfield>
    <subfield code="d">2023-03-22</subfield>
    <subfield code="o">xxx R426L</subfield>
    <subfield code="p">2022-0232</subfield>
    <subfield code="r">2022-01-26</subfield>
    <subfield code="t">e.3</subfield>
    <subfield code="w">2022-01-26</subfield>
    <subfield code="y">LBS1</subfield>
  </datafield>
  <datafield tag="999" ind1=" " ind2=" ">
    <subfield code="c">51225</subfield>
    <subfield code="d">51225</subfield>
  </datafield>
</record>
